Countries, Parts of Countries and Territories Starting With I - Statistics

General Stats
  • This quiz has been taken 10 times
  • The average score is 8 of 10
Answer Stats
Picture Hint Answer % Correct
Country India
100%
Country Italy
100%
Country Iceland
90%
Country Indonesia
90%
Country Iran
90%
Country Iraq
90%
Country Ireland
90%
Small self-governing Gaelic Crown Dependency island in the Irish Sea Isle of Man
90%
Autonomous region of China Inner Mongolia
30%
Republic of Russia Ingushetia
20%
No matching quizzes found
Score Distribution
Percent of People with Each Score
Percentile by Number Answered
Your Score History
You have not taken this quiz